Çiftçiyi Ürettiği İçin Cezalandırıyorlar (Record no. 6192)

MARC details
000 -BAŞLIK
Sabit Uzunlukta Kontrol Alanı 01132na a2200313 4500
001 - KONTROL NUMARASI
Denetim Alanı 19237
003 - KONTROL NUMARASI IDENTIFIER
Denetim Alanı MIRAKIL
005 - SON İŞLEM TARİHİ VE ZAMANI
Denetim Alanı 20181213155059.0
008 - SABİT-BOY VERİ ELEMANLARI - GENEL BİLGİLER
Sabit Uzunlukta Kontrol Alanı 161212b tu 000 0
040 ## - KATALOGLAMA KAYNAK
Orijinal Kataloglama Ajansı Milas
Kataloglama Dili tur
Metne Dönüştürmek Ajansı TR-AnCHP
041 ## - DİL KODU
Metin / Ses Parça Veya Ayrı Başlığın Dil Kodu tur
082 ## - DEWEY ONLU SINIFLANDIRMA NUMARASI
Sınıflandırma Numarası CHP 324.2172092
Ürün Numarası B29ç 2005
090 ## - SINIFLAMA NUMARASI
Sınıflama Numarası BROŞÜR 12
100 ## - ANA GİRİŞ - KİŞİSEL İSİM
Kişisel Ad Baykal, Deniz
222 ## - ANAHTAR ADI
Anahtar Başlık Çiftçiyi unuttular ama çiftçi unutmaz
245 ## - BAŞLIK TABLOSU
Başlık Çiftçiyi Ürettiği İçin Cezalandırıyorlar
Başlığın Kalan CHP Genel Başkanı Deniz Baykal'ın 'Dünya Çiftçiler Günü' nedeniyle yaptığı konuşma.
Sorumluluk Tablosu, Vb Deniz Baykal
260 ## - YAYIN, DAĞITIM, VB
Yayın, Dağıtım, Vb Yeri [Ankara]
Yayıncı, Dağıtıcı, Vs Adı [CHP]
Yayın, Dağıtım, Vb Tarihi 2005
300 ## - FİZİKSEL TANIM
Kapsam 24 s.
Boyutlar 21 sm.
490 ## - SERİSİ TABLOSU
Seri Beyanı Cumhuriyet Halk Partisi yayınları
500 ## - GENEL NOT
Genel Not Dış kapakta başka yapıt adı: Çiftçiyi unuttular ama çiftçi unutmaz
600 ## - KONU KATMA GİRİŞ - KURUMSAL ADI
Kişisel Ad Baykal, Deniz
Başlıklar Ve Bir Adla İlişkili Diğer Kelimeler CHP Genel Başkanı
Genel Alt Bölümü Konuşmalar, 2005
Kronolojik Alt Bölümü Dünya Çiftçiler Günü, 2005
610 ## - KONU KATMA GİRİŞ - TOPLANTI ADI
Giriş Elemanı Olarak Kurumsal Ad Veya Yargı Alanı Adı CHP
Genel Alt Bölüm Söylev ve demeçler
650 ## - KONU KATMA GİRİŞ - TOPİKAL DÖNEM
Topikal Süreli Veya Coğrafi Ad Giriş Elemanı CHP Genel başkanları
Genel Alt Bölümü Konuşmalar, 2005
710 ## - KATMA GİRİŞ - KURUMSAL ADI
Giriş Elemanı Olarak Kurumsal Ad Veya Yargı Alanı Adı CHP
830 ## - SERİSİ EKLENDİ GİRİŞ - ÜNİFORM ADI
Üniforma Başlık CHP yayınları
942 ## - EKLENDİ GİRİŞ ELEMANLARI (KOHA)
Sınıflandırma Veya Raf Düzeni Kaynak
Koha Öğesi Türü Books
999 ## - SİSTEM KONTROL NUMARALARI (KOHA)
Koha Biblionumber 6192
Koha Biblioitemnumber 6192
657 ## - INDEX SÜRE - İŞLEVİ
-- Deniz Baykalın konuşmaları
Holdings
Kullanım Kısıtlamaları Kalıcı Konum Mevcut Konum Edinme Tarihi Edinim Kaynak Kodlu Konum Eleme Toplam Check-Out'Lar Tam Çağrı Numarası Barkod Tarih Son Görülme Kopya Sayısı İtibaren Geçerli Fiyatlar Koha Öğesi Türü
Kütüphane dışına çıkarılamaz CHP Kütüphanesi CHP Kütüphanesi 12/12/2016 Bağış BROŞÜRLER   BROŞÜR 12 011081 12/12/2016 k.22 12/12/2016 Books